Kontrola súborov vstupných diskrétnych hodnôt pomocou podsystému Pivot Table systému Excel verzie 2007

Opis postupu kontroly súborov vstupných diskrétnych hodnôt údajov. Kontrola korektnosti pomocou Pivot Table - kontingenčnej tabuľky.

Gespeichert in:
Bibliographische Detailangaben
1. Verfasser: Chajdiak, Jozef
Format: Buchkapitel
Sprache:Slowakisch
Schlagworte:
Tags: Tag hinzufügen
Keine Tags, Fügen Sie das erste Tag hinzu!

MARC

LEADER 00000naa$a2200000$$$4500
001 0112613
005 20220715093713.7
041 0 |a slo 
044 |a SK 
245 1 0 |a Kontrola súborov vstupných diskrétnych hodnôt pomocou podsystému Pivot Table systému Excel verzie 2007  |c Jozef Chajdiak 
520 |a Opis postupu kontroly súborov vstupných diskrétnych hodnôt údajov. Kontrola korektnosti pomocou Pivot Table - kontingenčnej tabuľky. 
610 2 0 |a procesory tabuľkové 
610 2 0 |a chyby štatistické 
610 2 0 |a štatistika 
100 1 |a Chajdiak, Jozef